Central Library OPAC University of Rajshahi

Complex angular momenta and particle physics : (Record no. 9413)

MARC details
000 -LEADER
fixed length control field 00895nam a2200265 a 4500
001 - CONTROL NUMBER
control field 9413
003 - CONTROL NUMBER IDENTIFIER
rucl marc code BD-RjUL
005 - DATE AND TIME OF LATEST TRANSACTION
control field 20211208234756.0
008 - FIXED-LENGTH DATA ELEMENTS--GENERAL INFORMATION
fixed length control field 140121s1963 nyua b 001 0 eng
035 ## - SYSTEM CONTROL NUMBER
System control number (BD-RjUL)9458
040 ## - CATALOGING SOURCE
Original cataloging agency DLC/ICU
Transcribing agency ICU
Modifying agency DLC
-- BD-RjUL
Language of cataloging eng
041 ## - LANGUAGE CODE
Language code of text/sound track or separate title eng
082 00 - DEWEY DECIMAL CLASSIFICATION NUMBER
Classification number 530.12
Author mark and year SQC 1963
Edition number 23
100 1# - MAIN ENTRY--PERSONAL NAME
Personal name Squires, Euan J.
9 (RLIN) 29167
245 10 - TITLE STATEMENT
Title Complex angular momenta and particle physics :
Remainder of title a lecture note and reprint volume. /
Statement of responsibility, etc. Euan J. Squires
260 ## - PUBLICATION, DISTRIBUTION, ETC. (IMPRINT)
Place of publication, distribution, etc. New York :
Name of publisher, distributor, etc. W.A. Benjamin,
Date of publication, distribution, etc. c1963.
300 ## - PHYSICAL DESCRIPTION
Pagination x, 161 p. :
Illustrations ill. ;
Size 23 cm.
490 1# - SERIES STATEMENT
Series statement Frontiers in physics; a lecture note and reprint series
504 ## - BIBLIOGRAPHY, ETC. NOTE
Bibliography, etc Include Bibliography and index.
650 #0 - SUBJECT ADDED ENTRY--TOPICAL TERM
Topical term or geographic name as entry element Angular momentum (Nuclear physics)
9 (RLIN) 29168
Topical term or geographic name as entry element Quantum Mechanics (Quantum theory)
9 (RLIN) 199632
830 #0 - SERIES ADDED ENTRY--UNIFORM TITLE
Uniform title Frontiers in physics.
942 ## - ADDED ENTRY ELEMENTS (KOHA)
Source of classification or shelving scheme Dewey Decimal Classification
Koha item type Books
Holdings
Lost status Source of classification or shelving scheme Damaged status Not for loan Collection code Permanent Location Current Location Shelving location Date acquired Source of acquisition Cost, normal purchase price Total Checkouts Full call number Date last seen Copy number Koha item type
  Dewey Decimal Classification     Non-fiction Central Library, University of Rajshahi Central Library, University of Rajshahi   09/11/1965 Zuit 80.00   530.12 SQC 1963 21/01/2014 C-2 Books
  Dewey Decimal Classification   Not For Loan Non-fiction Central Library, University of Rajshahi Central Library, University of Rajshahi Reading Room 08/12/2021 zeithinger 75.00   530.12 SQC 1963 25/03/2017 C-1 Books